000 01644nam a2200481 i 4500
001 10464
003 KOSZ 005
005 20191017093020.0
008 080229s1967 pl a f f |000 0 pol
015 _aPB 1967/8463
035 _a991040279389705066
035 _a(PL-WaBN)b2076683x-48omnis_nlop
035 _ab2076683x
035 _a(OCoLC)831302171
035 _a(PL)b0000002076683
035 _a(EXLNZ-48OMNIS_NETWORK)9910010165905606
040 _aWA N
_cWA N
_dKOSZ 005/EG
041 _apol
046 _k1955
080 _a528
080 _a(075)
100 1 _aSadownik, Tadeusz
_eAutor
245 1 0 _aGeodezja :
_bpodręcznik dla 3 kl. technikum geodezyjnego /
_cTadeusz Sadownik.
250 _aWyd. 5 popr.
260 _aWarszawa :
_bPaństwowe Przedsiębiorstwo Wydawnictw Kartograficznych,
_c1967.
300 _a345, [1] s., [6] k. tabl. :
_bil. ;
_c23 cm.
336 _2rdacontent
_aTekst
_btxt
337 _2rdamedia
_aBez urządzenia pośredniczącego
_bn
338 _2rdacarrier
_aWolumin
_bnc
380 _aKsiążki
380 _aPublikacje dydaktyczne
385 _mPoziom nauczania
_aSzkoły zawodowe
388 _a1901-2000
388 _a1945-1989
500 _aZatwierdz. przez Ministerstwo Oświaty.
650 7 _aGeodezja
_2DBN
655 7 _aPodręczniki dla szkół zawodowych
_2DBN
658 _aGeografia i nauki o Ziemi
710 2 _aPaństwowe Przedsiębiorstwo Wydawnictw Kartograficznych
_4pbl
856 _uhttp://koha.tu.koszalin.pl/cgi-bin/koha/opac-detail.pl?biblionumber=10464
_yKatalog online BPK
942 _2UKD
_cKS
999 _c10464
_d10464